<?xml version="1.0" encoding="UTF-8"?>
<collection xmlns="http://www.loc.gov/MARC21/slim">
 <record>
  <leader>02630nam a2200241Ia 4500</leader>
  <controlfield tag="001">CTU_184426</controlfield>
  <controlfield tag="008">210402s9999    xx            000 0 und d</controlfield>
  <datafield tag="082" ind1=" " ind2=" ">
   <subfield code="a">895.9223009</subfield>
  </datafield>
  <datafield tag="082" ind1=" " ind2=" ">
   <subfield code="b">Nh513</subfield>
  </datafield>
  <datafield tag="088" ind1=" " ind2=" ">
   <subfield code="a">60220121</subfield>
  </datafield>
  <datafield tag="100" ind1=" " ind2=" ">
   <subfield code="a">Trần, Lê Tuyết Nhung</subfield>
  </datafield>
  <datafield tag="245" ind1=" " ind2="0">
   <subfield code="a">Sự vận động của hình tượng tác giả trong truyện ngắn Nguyễn Minh Châu qua hai giai đoạn sáng tác trước và sau 1980 :</subfield>
  </datafield>
  <datafield tag="245" ind1=" " ind2="0">
   <subfield code="b">Luận văn thạc sĩ. Chuyên ngành: Văn học Việt Nam</subfield>
  </datafield>
  <datafield tag="245" ind1=" " ind2="0">
   <subfield code="c">Trần Lê Tuyết Nhung ; Nguyễn Hoa Bằng hướng dẫn</subfield>
  </datafield>
  <datafield tag="260" ind1=" " ind2=" ">
   <subfield code="a">Cần Thơ</subfield>
  </datafield>
  <datafield tag="260" ind1=" " ind2=" ">
   <subfield code="b">Đại Học Cần Thơ</subfield>
  </datafield>
  <datafield tag="260" ind1=" " ind2=" ">
   <subfield code="c">2013</subfield>
  </datafield>
  <datafield tag="520" ind1=" " ind2=" ">
   <subfield code="a">Về mặt thực tiễn, chúng tôi khái quát lên những đặc điểm cơ bản và phổ quát của truyện ngắn Nguyễn Minh Châu trước và sau năm 1980 để thấy rõ sự vận động của hai giai đoạn này và đồng thời cũng dựng lên khuôn mặt hình tượng tác giả thông qua truyện ngắn của Nguyễn Minh Châu trước và sau năm 1980. Về mặt lí luận, người viết rút ra những vấn đề lí luận về phương pháp từ thực tiễn nghiên cứu để bổ sung cho vốn lí luận  mà bản thân đã học hỏi được từ tài liệu tham khảo, làm cho nhận thức của bản thân về thi pháp ngày càng hoàn thiện hơn. Về mặt phương pháp luận cho bản thân, người viết rút ra bài học có tính phương pháp luận  cho bản thân về một hướng tiếp cận bình diện Thi pháp tác giả vốn còn ít người tìm hiểu. Đồng thời đi sâu tìm hiểu và lí giải sự vận động của hình tượng tác giả Nguyễn Minh Châu trước và sau thời kì đổi mới. Từ đó, khái quát một cách có căn cứ, khoa học phong cách nghệ thuật của Nguyễn Minh Châu  cũng như sự vận động qua các thiên truyện ngắn trước và sau năm 1980 của ông.</subfield>
  </datafield>
  <datafield tag="650" ind1=" " ind2=" ">
   <subfield code="a">Văn học Việt Nam,Vietnamese literature,Short stories, Vietnamese</subfield>
  </datafield>
  <datafield tag="650" ind1=" " ind2=" ">
   <subfield code="x">Lịch sử và phê bình,History and Criticism</subfield>
  </datafield>
  <datafield tag="650" ind1=" " ind2=" ">
   <subfield code="y">20th century</subfield>
  </datafield>
  <datafield tag="904" ind1=" " ind2=" ">
   <subfield code="i">Kim Thị Ngọc Yến</subfield>
  </datafield>
  <datafield tag="980" ind1=" " ind2=" ">
   <subfield code="a">Trung tâm Học liệu Trường Đại học Cần Thơ</subfield>
  </datafield>
 </record>
</collection>
